Auditora̕ de costos

Detalles Bibliográficos
Autor principal: Rincn̤ Soto, Carlos Augusto
Formato: eBook
Lenguaje:español
Publicado: Bogot ̀: ECOE, 2012
Materias:
Acceso en línea:http://www.vlex.com/source/7662

MARC

LEADER 00000nam a22000007a 4500
005 20130327093221.0
007 cr|||| ||||
008 130327e2012 ck |||||s|||| 00||0 spa d
020 |a 978-958-648-797-9 
035 |a 7662 
040 |a vLex 
090 |c 4040  |d 4040 
100 1 0 |a Rincn̤ Soto, Carlos Augusto  
245 1 0 |a Auditora̕ de costos  |c / Carlos Augusto Rincn̤ Soto   |h [Recurso electrn̤ico]  
256 |a Servicio en ln̕ea 
260 |a Bogot ̀:  |b ECOE,   |c 2012  
300 |a 1 Recurso electrn̤ico 
506 |d vLex Global  |d vLex Global (Academic Edition, excluding Law Schools)  |d vLex Global (U.S. Academic Edition, Law Schools)  |d vLex Global (U.S. Academic Edition, excluding Law Schools)  |d vLex Global (Academic Edition, Law Schools) 
650 0 4 |a Contabilidad 
650 0 4 |a Administracin̤ (Management) 
740 |a vLex Libros (Servicio en ln̕ea) 
856 |a Acceso restringido  |u http://www.vlex.com/source/7662 
942 |c BOOK 
999 0 |a Accounting